[Event "Doeberl Cup"]
[Site "Canberra"]
[Date "2023.04.07"]
[Round "3"]
[White "McClymont, Brodie"]
[Black "Ooi, Jayden"]
[Result "1-0"]
[WhiteElo "2414"]
[BlackElo "1913"]
[PlyCount "57"]
[EventDate "2023.04.06"]
[EventType "swiss"]
[EventRounds "9"]
[EventCountry "AUS"]
[SourceTitle "CBM 213 Extra"]
[Source "ChessBase"]
[SourceDate "2023.05.31"]
[SourceVersion "1"]
[SourceVersionDate "2023.05.31"]
[SourceQuality "1"]

1. e4 e5 2. Nf3 Nc6 3. Bb5 a6 4. Ba4 Nf6 5. 0-0 b5 6. Bb3 Bc5 7. c3 d6 8. d4 Bb6 9. a4 Rb8 10. a5 Ba7 11. h3 0-0 12. Be3 Bb7 13. d5 Bxe3 14. dxc6 Bxc6 15. fxe3 Bxe4 16. Bc2 Bxc2 17. Qxc2 Nd7 18. e4 Qe7 19. Nbd2 c5 20. Rf2 Rfc8 21. Nf1 c4 22. Ne3 Nc5 23. Nd5 Qa7 24. Nb4 Nb3 25. Rd1 Nxa5 26. Rxd6 Rb6 27. Qd1 Rxd6 28. Qxd6 Nb3 29. Nc6 1-0

[Event "Wch FIDE Online U10 Asia qual"]
[Site "Tornelo INT"]
[Date "2020.12.11"]
[Round "2"]
[White "Mrinmoy, Rajkhowa"]
[Black "Ooi, Jayden"]
[Result "0-1"]
[WhiteElo "1547"]
[BlackElo "1780"]
[PlyCount "124"]
[EventDate "2020.12.11"]
[EventType "swiss (rapid)"]
[EventRounds "7"]
[EventCountry "ISS"]
[SourceTitle "EXT 2022"]
[Source "ChessBase"]
[SourceDate "2021.10.06"]
[SourceVersion "1"]
[SourceVersionDate "2021.10.06"]
[SourceQuality "1"]

1. e4 d5 2. exd5 Nf6 3. d4 Bg4 4. f3 Bf5 5. Bd3 Bxd3 6. Qxd3 Qxd5 7. Nc3 Qd8 8. Nge2 c6 9. Bf4 e6 10. 0-0 Bd6 11. Ne4 Bxf4 12. Nxf4 0-0 13. Rad1 Nbd7 14. Rfe1 Qc7 15. Nxf6+ Nxf6 16. Qe3 Rad8 17. c3 h6 18. Nd3 Nd5 19. Qe5 Qe7 20. f4 Qh4 21. g3 Qg4 22. Nf2 Qg6 23. Qe4 Qf6 24. Ng4 Qf5 25. Qxf5 exf5 26. Ne3 Nxe3 27. Rxe3 Rfe8 28. Rde1 Kf8 29. Kf2 Rxe3 30. Rxe3 f6 31. Kf3 Kf7 32. Ke2 Rd5 33. Kd3 a5 34. c4 Rd7 35. b3 g5 36. a3 Rd8 37. b4 axb4 38. axb4 Ra8 39. d5 cxd5 40. cxd5 b5 41. Kd4 Rc8 42. Rc3 Rxc3 43. Kxc3 Ke7 44. Kd3 Kd6 45. Kd4 g4 46. Ke3 Kxd5 47. Kd3 h5 48. Kc3 Ke4 49. Kc2 Kd4 50. Kb3 Kd3 51. Kb2 Kc4 52. Ka3 Kc3 53. Ka2 Kxb4 54. Kb2 Kc4 55. Kc2 b4 56. Kb2 b3 57. Kb1 Kc3 58. Kc1 b2+ 59. Kb1 Kb3 60. h3 gxh3 61. g4 h2 62. gxf5 h1R# 0-1

[Event "Wch FIDE Online U10 Asia qual"]
[Site "Tornelo INT"]
[Date "2020.12.11"]
[Round "1"]
[White "Ooi, Jayden"]
[Black "Rashid, Husain Alhammadi"]
[Result "1-0"]
[WhiteElo "1780"]
[BlackElo "1188"]
[PlyCount "145"]
[EventDate "2020.12.11"]
[EventType "swiss (rapid)"]
[EventRounds "7"]
[EventCountry "ISS"]
[SourceTitle "EXT 2022"]
[Source "ChessBase"]
[SourceDate "2021.10.06"]
[SourceVersion "1"]
[SourceVersionDate "2021.10.06"]
[SourceQuality "1"]

1. d4 d5 2. Bf4 Nf6 3. e3 Bf5 4. c4 e6 5. Nc3 Bd6 6. Bg3 0-0 7. Nf3 c5 8. cxd5 exd5 9. dxc5 Bxc5 10. Bd3 Bg6 11. Bxg6 hxg6 12. 0-0 Nc6 13. Rc1 Rc8 14. Nxd5 Qxd5 15. Qxd5 Nxd5 16. Rxc5 Nce7 17. Bd6 Rxc5 18. Bxc5 Rc8 19. Bxe7 Nxe7 20. Nd4 Nf5 21. Nxf5 gxf5 22. g3 Rc2 23. Rb1 f6 24. a3 Kf7 25. b4 b5 26. Rb3 Ke6 27. Kg2 Ke5 28. Kf3 g5 29. h3 g4+ 30. hxg4 fxg4+ 31. Kxg4 Rxf2 32. Rc3 f5+ 33. Kh3 Ke4 34. Rc7 Rf1 35. Kg2 Re1 36. Rxa7 Re2+ 37. Kh3 Kf3 38. Rf7 Ke4 39. Re7+ Kf3 40. Re5 Ra2 41. Rxf5+ Kxe3 42. Rxb5 Rxa3 43. Kh4 Ra8 44. g4 Kf4 45. Rf5+ Ke4 46. b5 Rh8+ 47. Rh5 Rb8 48. Rf5 Rh8+ 49. Kg3 Rb8 50. Rc5 Rf8 51. g5 Rf3+ 52. Kg4 Rf4+ 53. Kh5 Kd4 54. Rc1 Rf8 55. Rb1 Ke5 56. b6 Rb8 57. Kg4 Ke6 58. b7 Kf7 59. Kf5 Kg7 60. Ke6 Kg6 61. Rb5 Re8+ 62. Kd7 Rb8 63. Kc7 Rxb7+ 64. Kxb7 Kg7 65. Rb6 Kf7 66. Kc7 Kg7 67. g6 Kg8 68. Kd7 Kf8 69. g7+ Kxg7 70. Ke7 Kg8 71. Rg6+ Kh7 72. Kf7 Kh8 73. Rh6# 1-0

[Event "Begonia op 54th"]
[Site "Ballarat"]
[Date "2020.03.07"]
[Round "2"]
[White "Fernandez, Daniel Howard"]
[Black "Ooi, Jayden"]
[Result "1-0"]
[WhiteElo "2477"]
[BlackElo "1796"]
[PlyCount "99"]
[EventDate "2020.03.07"]
[EventType "swiss"]
[EventRounds "7"]
[EventCountry "AUS"]
[SourceTitle "CBM 195 Extra"]
[Source "ChessBase"]
[SourceDate "2020.05.31"]
[SourceVersion "1"]
[SourceVersionDate "2020.05.31"]
[SourceQuality "1"]

1. d4 Nf6 2. Nf3 g6 3. b4 Bg7 4. Bb2 0-0 5. Nbd2 d6 6. e3 b6 7. b5 Bb7 8. a4 c5 9. a5 a6 10. Nc4 Nbd7 11. Nxb6 Nxb6 12. dxc5 Nbd5 13. c6 Bc8 14. c4 axb5 15. cxd5 Rxa5 16. Rb1 b4 17. Bc4 e6 18. dxe6 fxe6 19. 0-0 Rc5 20. Qb3 d5 21. Bd3 Rxc6 22. Qxb4 Ba6 23. Qa4 Qa8 24. Ra1 Bb7 25. Qb4 Qc8 26. Ra7 Rf7 27. Ne5 Bf8 28. Qh4 g5 29. Qxg5+ Rg7 30. Qxf6 Be7 31. Qxg7+ Kxg7 32. Nxc6+ Bf6 33. Na5 Bxb2 34. Rxb7+ Kf6 35. Rxb2 Qc3 36. Rb3 Qxa5 37. Bxh7 Qc7 38. Bd3 Qa7 39. g3 d4 40. exd4 Qxd4 41. Be2 Qd2 42. Rf3+ Ke7 43. Re3 Qd4 44. Kg2 Kf6 45. Kg1 Ke7 46. Bf3 Kf6 47. Kg2 e5 48. Kh1 Qc4 49. Rfe1 Qd4 50. Kg1 1-0